| 000 | 00357nam a2200145Ia 4500 | ||
|---|---|---|---|
| 008 | 230917s9999||||xx |||||||||||||| ||und|| | ||
| 040 |
_e110324 _aMAIN |
||
| 041 | _aEnglish | ||
| 082 | _a370.1 P192E | ||
| 100 | _aPandey, Ram Shakal | ||
| 245 | 0 | _aEducational thoughts | |
| 260 |
_aDelhi _bAdhyayan Publishers _c2006 |
||
| 300 | _av, 290 p. | ||
| 942 | _cBK | ||
| 999 |
_c129723 _d129723 |
||